000 00294nam a22001337a 4500
008 170503b xxu||||| |||| 00| 0 eng d
020 _a9781422463307
041 _aeng
080 _24 ED
_a34
100 _a13
101 _aSHJ
245 _aRESTORING JUSTICE
_cNESS.D.W.V
942 _2udc
_cBK
999 _c12497
_d12497